The Oxford book of Christian verse / (Record no. 17957)
[ view plain ]
| 000 -LEADER | |
|---|---|
| fixed length control field | 00755cam a22002531 4500 |
| 001 - CONTROL NUMBER | |
| control field | 17957 |
| 003 - CONTROL NUMBER IDENTIFIER | |
| rucl marc code | BD-RjUL |
| 005 - DATE AND TIME OF LATEST TRANSACTION | |
| control field | 20211209000221.0 |
| 008 - FIXED-LENGTH DATA ELEMENTS--GENERAL INFORMATION | |
| fixed length control field | 140219s19511940enk 001 p eng d |
| 035 ## - SYSTEM CONTROL NUMBER | |
| System control number | (BD-RjUL)18015 |
| System control number | (OCoLC)445003 |
| 040 ## - CATALOGING SOURCE | |
| Original cataloging agency | DLC |
| Transcribing agency | OOxW |
| Modifying agency | OCoLC |
| -- | DLC |
| -- | BD-RjUL |
| Language of cataloging | eng |
| 041 ## - LANGUAGE CODE | |
| Language code of text/sound track or separate title | eng |
| 082 00 - DEWEY DECIMAL CLASSIFICATION NUMBER | |
| Classification number | 821.0822 |
| Author mark and year | OXF 1951 |
| 245 04 - TITLE STATEMENT | |
| Title | The Oxford book of Christian verse / |
| Statement of responsibility, etc. | chosen and edited by Lord David Cecil. |
| 260 ## - PUBLICATION, DISTRIBUTION, ETC. (IMPRINT) | |
| Place of publication, distribution, etc. | Oxford : |
| Name of publisher, distributor, etc. | Clarendon, |
| Date of publication, distribution, etc. | 1940. [Reprinted 1951] |
| 300 ## - PHYSICAL DESCRIPTION | |
| Pagination | xxxiii, 560 p. ; |
| Size | 20 cm. |
| 504 ## - BIBLIOGRAPHY, ETC. NOTE | |
| Bibliography, etc | Includes Index |
| 650 #0 - SUBJECT ADDED ENTRY--TOPICAL TERM | |
| Topical term or geographic name as entry element | Religious poetry, English. |
| 9 (RLIN) | 55374 |
| 700 1# - ADDED ENTRY--PERSONAL NAME | |
| Personal name | Cecil, David, |
| Dates associated with a name | 1902-1986, |
| Relator term | ed. |
| 942 ## - ADDED ENTRY ELEMENTS (KOHA) | |
| Source of classification or shelving scheme | Dewey Decimal Classification |
| Koha item type | Books |
| Lost status | Source of classification or shelving scheme | Damaged status | Not for loan | Collection code | Permanent Location | Current Location | Shelving location | Date acquired | Total Checkouts | Full call number | Date last seen | Copy number | Koha item type |
|---|---|---|---|---|---|---|---|---|---|---|---|---|---|
| Dewey Decimal Classification | Not For Loan | Fiction | Central Library, University of Rajshahi | Central Library, University of Rajshahi | Reading Room | 19/02/2014 | 821.0822 OXF 1951 | 19/02/2014 | C-1 | Books |